Kasih tiada akhirnya

Bibliographic Details
Main Author: Norzatul Shema
Format: Book
Published: Kuala Lumpur : Ar Risalah , 2005
Subjects:

MARC

LEADER 00000cam a2200000 7i4500
001 0000011815
005 20160330.0
008 071119
020 |a 983267204X 
090 0 0 |a NOR   |b MAL 
100 0 |a Norzatul Shema 
245 1 0 |a Kasih tiada akhirnya   |c Norzatul Shema 
260 |a Kuala Lumpur :   |b Ar Risalah ,   |c 2005 
500 |a Teenager ages 13-18 years old (blue) 
650 0 |a Malay fiction 
650 0 |a Novel 
650 0 |a Teenagers   |x Malay   |x Languages 
999 |a 0001002171   |b Book   |c Teenagers   |e Perbadanan Perpustakaan Awam Johor 
999 |a 0001153713   |b Book   |c Teenagers   |e Perbadanan Perpustakaan Awam Johor 
999 |a 0001153714   |b Book   |c Teenagers   |e Perbadanan Perpustakaan Awam Johor 
999 |a 0001153715   |b Book   |c Teenagers   |e Cawangan Urban Transformation Centre 
999 |a 0001153716   |b Book   |c Teenagers   |e Perbadanan Perpustakaan Awam Johor